Le oasi di Wadi el-Ghedid nel deserto occidentale egiziano /
محفوظ في:
المؤلف الرئيسي:
التنسيق: كتاب
اللغة: Italian
منشور في:
Cairo :
Suez cement ; Italcementi group,
2006.
الموضوعات:
الوسوم: إضافة وسم
لا توجد وسوم, كن أول من يضع وسما على هذه التسجيلة!
رقم الطلب: DT154 .W21 v.1-2
| LEADER | 00805nam a2200229Ia 4500 | ||
|---|---|---|---|
| 003 | OSt | ||
| 005 | 20250805090704.0 | ||
| 008 | 130303s2006 ua ab 000 0 ita d | ||
| 040 | |c ARCE Library | ||
| 043 | |a f-ua--- | ||
| 050 | 4 | |a DT154 .W21 v.1-2 | |
| 100 | 1 | |a Laurenti, Leandro. | |
| 245 | 1 | 3 | |a Le oasi di Wadi el-Ghedid nel deserto occidentale egiziano / |c Leandro Laurenti. |
| 264 | 1 | |a Cairo : |b Suez cement ; Italcementi group, |c 2006. | |
| 300 | |a 2 volumes : |b illustrations (chiefly color), color maps ; |c 24 cm. | ||
| 505 | 0 | |a 1. Guida di Kharga, Dakhla, Farafra -- 2. Guida di Bahariya, Appendici. | |
| 650 | 0 | |a Oases |z Egypt. | |
| 651 | 0 | |a Western Desert (Egypt) |x Description and travel. | |
| 651 | 0 | |a Western Desert (Egypt) |x Antiquities. | |
| 901 | |a reviewed | ||
| 942 | |c BK |2 lcc | ||
| 999 | |c 30942 |d 30942 | ||
